00761nam a2200229 a 45000010005000000030008000050050017000130080041000300200015000710350018000860400035001040410008001390820022001471000043001692450092002122600052003043000033003565040064003896500026004536500019004796500033004988908BD-RjUL20211208234657.0140119s1972 nyu 001 0 eng d a0471849006 a(BD-RjUL)8953 aBD-RjULbengcBD-RjULdBD-RjUL aeng00a539.754bTAS 19721 aTaylor, John R.q(John Robert),d1939-10aScattering theory :bthe quantum theory on nonrelativistic collisions /cJohn R. Taylor aNew York ;aLondon :bJohn Wiley & Sons,cc1972 axvi, 477 p. :bill. ;c24 cm aIncludes bibliographical references (p. 463-466) and index. 0aScattering (Physics). 0aQuantum theory 0aCollisions (Nuclear physics)